000
00386nam a2200145Ia 4500
008
100122s9999 xx 000 0 und d
082
_b
40283
_a
922
100
_a
जोशी स कृ
245
_a
अद्वैत
260
_b
प्रताप प्रकाशन
_c
1986
300
_a
145
630
_a
अद्वैत
730
_a
अद्वैत
942
_c
BOOK
999
_c
421180
_d
421177